Hysterézna energia pri viacosovom cyklickom zaťažovaní

Salvato in:
Dettagli Bibliografici
Autore principale: Dudaško, Marian Mirko (Autore)
Altri autori: Chmelko, Vladimír (Relatore della tesi)
Natura: Manoscritto Libro
Lingua:slovacco
Pubblicazione: 2024
Soggetti:
Accesso online:http://is.stuba.sk/zp/portal_zp.pl?podrobnosti=178182
Tags: Aggiungi Tag
Nessun Tag, puoi essere il primo ad aggiungerne!!

MARC

LEADER 00000ntm a22000003a 4500
001 stuzp100509
003 SK-STU
005 20240615211815.9
007 ta
008 150427s2015----xo-----f-mn---000-0-slo-d
040 |a STU  |b slo 
041 0 |a slo 
100 1 |a Dudaško, Marian Mirko  |u 020010  |4 aut  |U SjF Strojnícka fakulta  |T SjF Ústav aplikovanej mechaniky a mechatroniky  |X 104876  |U J0010  |Y 801  |7 104876 
242 0 1 |a Hysteresis energy under multi-axial cyclic loading  |y eng 
245 1 0 |a Hysterézna energia pri viacosovom cyklickom zaťažovaní 
260 |c 2024 
650 4 |a kombinované namáhanie  |2 slo 
650 4 |a únava materiálu  |2 slo 
650 4 |a hysterézna energia  |2 slo 
650 4 |a závislosť  |2 slo 
650 4 |a viacosový  |2 slo 
650 4 |a hysteresis energy  |2 eng 
650 4 |a material fatigue  |2 eng 
650 4 |a combined stress  |2 eng 
650 4 |a dependence  |2 eng 
650 4 |a multi-axial  |2 eng 
700 1 |a Chmelko, Vladimír  |u 020010  |k Z1  |4 ths  |U SjF Strojnícka fakulta  |T SjF Ústav aplikovanej mechaniky a mechatroniky  |X 2396  |U J0010  |Y 801  |7 A000002396 
856 4 |u http://is.stuba.sk/zp/portal_zp.pl?podrobnosti=178182